La comtesse de Segur ou le bonheur immobile

Αποθηκεύτηκε σε:
Λεπτομέρειες βιβλιογραφικής εγγραφής
Κύριος συγγραφέας: Marcoin, Francis
Μορφή: Βιβλίο
Γλώσσα:French
Δημοσίευση: Arras Cedex : Artois Presses Universite, 1999
Σειρά:Collection Etudes litteraires et linguistiques
Θέματα:
Ετικέτες: Προσθήκη ετικέτας
Δεν υπάρχουν, Καταχωρήστε ετικέτα πρώτοι!

MARC

LEADER 00000cam a2200000 i 4500
001 1/35513
008 030512s1999 fre d
020 |a 2-910663-32-9 
035 |l 10069891 
040 |a GR-MY-UA  |b gre  |e aacr 
041 0 |a fre 
082 0 |a 843.8 
100 1 |a Marcoin, Francis. 
245 1 3 |a La comtesse de Segur ou le bonheur immobile /  |c Francis Marcoin 
260 |a Arras Cedex :   |b Artois Presses Universite,   |c 1999 
300 |a 379 p. 
490 1 |a Collection "Etudes litteraires et linguistiques" 
600 1 0 |a Segur, Sophie,   |c Comtesse de,   |d 1799-1874  |x Criticism and interpretation. 
650 0 0 |a Children's stories, French  |x History and criticism. 
650 0 0 |a Children  |x Books and reading  |z France. 
830 0 |a Collection Etudes litteraires et linguistiques 
852 |a INST  |b RHODES  |e 20030512  |h 843.8 MAR  |p 005400020531  |q 005400020531  |t BK  |y 0 
901 |a BIBL4-2003-2 
970 |a ΚΟΥΛΑΚΙΟΤΗ  |b ΛΙΤΣΑ  |z 2003/05/12